| 000 | 00426nam a22001577a 4500 | ||
|---|---|---|---|
| 020 | _a81-8356-028-8 | ||
| 082 |
_a510 _bSHA/C |
||
| 100 | _aSHARMA, A.K | ||
| 245 | _aCO-ORDINATE GEOMETRY | ||
| 250 | _aFIRST EDITION | ||
| 260 |
_aDELHI _bDISCOVERY PUBLISHING HOUSE _c2005 |
||
| 300 | _a259 | ||
| 520 | _aMEET THE REQUIREMENTS OF B.A/ B.SC STUDENTS OF ALL INDIAN UNIVERSITIES | ||
| 650 |
_aMATHS REFERENCE _zINDIA |
||
| 942 | _cBK | ||
| 999 |
_c1259 _d1259 |
||